000
00291nam a2200109Ia 4500
008
200302s9999 xx 000 0 und d
100
_a
D. V. Varshney
245
_a
Estimating for Civil Engineering
260
_b
C BC Publishers and Distributors Pvt., Ltd.,
260
_c
2015
300
_a
94 P.,
999
_c
3845
_d
3845